Most Streamed Songs on Spotify from Their Post-Beatles Careers - Statistics

General Stats
  • This quiz has been taken 175 times
  • The average score is 8 of 20
Answer Stats
Artist Streams (Jan 2024) Answer % Correct
John Lennon 617,845,376 Imagine
98%
George Harrison 488,510,513 My Sweet Lord
78%
Paul McCartney 260,313,583 Band On The Run
65%
Paul McCartney 150,510,938 Live And Let Die
59%
Paul McCartney 131,332,604 Maybe I'm Amazed
48%
John Lennon 129,156009 Beautiful Boy (Darling Boy)
46%
John Lennon 566,079,082 Happy Xmas (War Is Over)
45%
John Lennon 271,257,986 Woman
45%
George Harrison 243,092,180 Got My Mind Set on You
44%
Ringo Starr 43,292,571 Photograph
40%
Paul McCartney 494,834,146 Wonderful Christmastime
35%
George Harrison 117,175,710 What Is Life
32%
Paul McCartney 1,074,874,791 FourFiveSeconds
27%
George Harrison 62,345,180 Give Me Love (Give Me Peace on Earth)
24%
Ringo Starr 30,787,607 It Don't Come Easy
24%
John Lennon 112,971,001 Stand By Me
21%
Ringo Starr 16,244,678 You're Sixteen (You're Beautiful And You're Mine)
18%
George Harrison 52,898,016 If Not for You
13%
Ringo Starr 6,908,090 No-No Song
9%
Ringo Starr 5,469,196 Only You (And You Alone)
2%
No matching quizzes found
Score Distribution
Percent of People with Each Score
Percentile by Number Answered
Your Score History
You have not taken this quiz